|
|
|
|
| LEADER |
00000nab a2200000 a 4500 |
| 001 |
vtls000424355 |
| 003 |
SK-MaSNL |
| 005 |
20260303194723.0 |
| 008 |
160202c1991 xo 0 slo |
| 015 |
|
|
|a SNBRB19rr/mm-uuuuu
|
| 035 |
|
|
|a CL0424483
|
| 040 |
|
|
|a SNKBUCL
|b slo
|c SNKBUCL
|e AACR2
|
| 041 |
0 |
|
|a slo
|
| 044 |
|
|
|a xo
|c SK
|
| 080 |
|
|
|a 262.13:282
|2 1981
|
| 080 |
|
|
|a 282
|2 1981
|
| 080 |
|
|
|a 327(439:456.31)
|2 1981
|
| 080 |
|
|
|a 327(456.31:439)
|2 1981
|
| 100 |
1 |
|
|a Piross, V.
|4 aut
|9 1227135
|
| 245 |
1 |
0 |
|a Posolstvo jednotky a spolupatričnosti
|b Dnes vrcholí návšteva Jána Pavla II. v Maďarsku
|c V. Piross ; Ján Pavol II.
|
| 300 |
|
|
|b Fot. 1.
|
| 600 |
0 |
7 |
|a Ján Pavol
|b II.,
|c pápež,
|d 1920-2005
|x návšteva Maďarska
|y 1991
|2 snkbucl
|9 1227136
|
| 655 |
|
7 |
|a články z novín a časopisov
|2 snkbucl
|9 267496
|
| 773 |
0 |
|
|t Slovenský denník
|g Roč. 2, č. 194 (20. 8. 1991), s. 6
|
| 850 |
|
|
|a Slovenská národná knižnica v Martine
|a MTA001
|
| 852 |
|
|
|a SNK
|b KIS3GCP
|
| 958 |
|
|
|a RK
|
| 958 |
|
|
|a HU
|
| 992 |
|
|
|a RBX
|
| 999 |
|
|
|c 2159129
|d 2161059
|